000 01115naa a22003137a 4500
001 BR6010193
003 BR-BrBNA
005 20240918173153.0
007 ta
008 230509b bl.||||| |||| 00| 0 por d
040 _aBR-BrBNA
_bpor
_cBiblioteca Nacional de Agricultura
041 _a(Pt)
072 _aF22
_b3840
090 _aF22 BR6010193
100 1 _aFigueiredo, T.P. de
100 1 _aSilva, A.C. da
100 1 _aCarvalho, C.M. de
111 1 _a5. Congresso Brasileiro de Ciencia do Solo
_cPelotas, RS (Brazil)
_d4 Jul 1955
245 1 _aDeterminacao condutometrica do calcio e magnesio permutaveis [Corretivo]
260 3 _aRio de Janeiro, GB (Brasil):
_c1959.
500 _aAnais do 5. Congresso Brasileiro de Ciencia do Solo Rio de Janeiro, GB (Brasil): 1959. p. 87-92 (BR6010193-AM)F22
650 _aQuimica do solo
650 _aCalcio
650 _aMagnesio
650 _aAnalise do solo
773 0 _tAnais do 5. Congresso Brasileiro de Ciencia do Solo
_wF22 BR6010193
_gRio de Janeiro, GB (Brasil), 1959. p. 87-92
909 _a202404
_bLucia
_c55
_dLucia Elande
942 _cAM
_2AGRIS
999 _c303274
_d303274